| 000 | 00613nab a2200217 a 4500 | ||
|---|---|---|---|
| 005 | 20210219161145.0 | ||
| 008 | 991125s1985 mx 000 0 spa u | ||
| 035 | _aUPN01000179705 | ||
| 100 | 1 | _aCallejo González, José Javier | |
| 222 | _aREVISTA DE ESTUDIOS DE JUVENTUD | ||
| 245 | _aLa emergencia de una nueva concepción de la familia entre las y los jóvenes españoles | ||
| 260 | _aEspaña | ||
| 300 | _a43-66 | ||
| 362 | 0 | _a2010 No. 90, sept. | |
| 653 | 0 | _aJOVENES | |
| 653 | 0 | _aFAMILIA | |
| 653 | 0 | _aSEXUALIDAD | |
| 653 | 0 | _aTRABAJO DOMESTICO | |
| 653 | 0 | _aMATRIMONIO | |
| 905 | _aArticulo | ||
| 999 |
_c151808 _d151808 |
||